Statistiques concernant Sophismes et erreurs de rhétorique

Cliquez ici pour prendre le quiz!

Statistiques générales

  • Ce quiz a été pris 25 fois
  • Le résultat moyen est 6 sur 51

Statistiques - réponses

HintRéponse% Correct
Considérer qu'un premier pas raisonnable revient inévitablement à une sucession d'événement catastrophiquesPente glissante
67%
Présenter deux options opposés comme étant les deux seules options existantesFaux dilemme
56%
Créer une version simplifiée ou distordue de l'argument de l'opposant et rebondir sur cette versionHomme de paille
56%
Conclure une vérité générale en partant d'un exemple uniqueGénéralisation abusive
44%
Induire la pitié pour convaincreAppel à la pitié
39%
Affirmer que quelque chose est vrai parce qu'on a toujours fait comme çaAppel à la tradition
28%
Utiliser un mensonge reconnu comme tel pour le présenter comme un faitMensonge
28%
Défendre la véracité d'une affirmation selon sa correspondance à l'ordre naturel des chosesAppel à la nature
22%
Utiliser un compliment pour faire passer une affirmationAppel à la flatterie
17%
Ignorer l'argument et lancer une attaque sans rapport remettant directement en cause la personne ou le groupe opposantAttaque personnelle
17%
Sélectionner seulement les preuves allant dans le sens d'une affirmation en ignorant les preuves contradictoiresBiais de confirmation
17%
Justification partant du principe que parce que deux ensemble partagent une caractéristique, ces deux ensemble sont identiquesFausse analogie
17%
Une conclusion est formulée à partir d'un prémisse lui-même basé sur cette conclusionLogique circulaire
17%
Justifier une position en citant un expert non-qualifié ou en qui on ne peut avoir confianceAppel à l'autorité
11%
Refuser de prouver la véracité de son argument, demander aux opposants de prouver que c'est faux/vrai à sa placeCharge de la preuve
11%
Attaquer l'origine ou la cause d'un argument plutôt que son fondOrigine fallacieuse
11%
Affirmer que parce qu'un événement en a suivi un autre, le précédent en est forcément la cause.à la suite de cela
6%
Débattre un point de vue avec un parti pris personnel allant à l'encontre de l'opposantAppel à la colère
6%
Convaincre en éxagérant le préjudice d'une potentielle véritéAppel à la peur
6%
Utiliser une preuve d'une expertise, d'un groupe ou d'une étude sans le/les citerAppel à l'autorité anonyme
6%
Une affirmation est vraie/fausse parce que son contraire n'a pas été prouvéAppel à l'ignorance
6%
Supposer que quelque chose est mieux parce que c'est nouveau ou innovantAppel à l'innovation
6%
Démonter un argument en le faisant paraître absurdeAppel au ridicule
6%
Suggérer qu'un argument est vrai ou faux parce qu'on aimerait que ce le soitAppel aux bons sentiments
6%
Justifier un point de vue en appliquant une caractéristique d'une partie d'un ensemble à la totalité de l'ensembleComposition
6%
Affirmer une conclusion immédiate sans tenir compte de preuves évidentes et facilement vérifiablesConclusion abusive
6%
Une position accusée d'être mauvaise se justifie comme étant normale puisqu'elle n'est pas unique.Double faute
6%
Justifier une position parce que la chose est bien faite ou belle, et cette chose est donc forcément bonne.Erreur de conception
6%
Justifier une position en affirmant que l'historique des résultats obtenus influencera les résultats futursErreur du parieur
6%
Considérer que seule la perfection est acceptable et rejeter toute solution qui ne serait pas parfaiteErreur du perfectionniste
6%
Introduire des éléments sans rapport avec l'argument pour distraire l'attention et mener vers des conclusions différentesFausse piste
6%
Partir du principe que parce que deux arguments opposés se tiennent, la vérité se touve forcément au milieuJuste milieu
6%
Justifier un point de vue en appliquant une caractéristique d'un ensemble à la totalité des parties de l'ensembleParticularisation
6%
Défendre une vérité parce que la plupart des gens la partageAppel à la croyance populaire
0%
Justifier une vérité par le fait que c'est une pratique couranteAppel à la pratique courante
0%
Supposer que si quelqu'un est riche ou que la chose coûte cher, cela influence sa crédibilitéAppel à l'argent
0%
Une affirmation est vraie/fausse parce qu'elle paraît incroyableAppel à l'incrédulité
0%
Suggérer qu'une croyance est fausse parce qu'elle implique quelque chose en lequel on refuse de croireAppel aux conséquences de croyance
0%
Affirmer que parce que quelque chose peut se produire, cela se produira inévitablementAppel aux probabilités
0%
Invalider un argument parce que ceux qui le défendent ont un intérêt à le faireAttaque de circonstance
0%
Discréditer un argument en l'associant à une personne ou groupe indésirableCulpabilité par association
0%
Affirmer qu'il n'y a qu'une conclusion possible à une observationDésigner la conséquence
0%
Affirmer que deux événements qui se produisent ensemble ont une relation de cause à effetDonc à cause de cela
0%
Justifier une affirmation en ignorant une ou plusieurs contributions majeurs susceptibles d'en changer la conclusionEluder la question
0%
Rejeté une vérité en partant du principe que la vérité est relative à chaque personne ou un groupeErreur du relativiste
0%
Affirmer qu'un événement est la cause d'un autre en ignorant volontairement un troisième événement pouvant s'y relierIgnorer la cause commune
0%
Justifier une position par un argument qui ne peut être contredit parce qu'il ne peut être prouvé.Infalsifiable
0%
Dénigrer un résultat en cherchant systématiquement un contre-exemple insuffisant ou insignifiantPreuve anecdotique
0%
Décrire une réalité avec de nombreux détails pour convaincre que cette réalité est un problèmeRéalité trompeuse
0%
Affirmer qu'il n'y a qu'une seule cause à un effet alors qu'elles peuvent être multiplesRefuser l'antécédent
0%
Protéger une position en révisant les arguments contraire et les écartant en les mentionnantSauvetage ad hoc
0%

Distribution des résultats

Percentile par nombre de réponses

% des personnes avec chaque résultat

Votre développement - résultats

Vous n’avez pas pris ce quiz